Nations Flag Quiz - Statistics

General Stats
  • This quiz has been taken 13 times
    4 since last reset
  • The average score is 29 of 36
Answer Stats
Picture Answer % Correct
Argentina
100%
Australia
100%
Brazil
100%
Canada
100%
Costa Rica
100%
Denmark
100%
Dominican Republic
100%
Finland
100%
France
100%
Germany
100%
Greece
100%
Guyana
100%
Israel
100%
Italy
100%
Jamaica
100%
Mexico
100%
Pakistan
100%
South Korea
100%
Spain
100%
Sweden
100%
Ukraine
100%
United states
100%
Guatemala
75%
Switzerland
75%
Albania
50%
Algeria
50%
Andorra
50%
Belize
50%
Croatia
50%
Gabon
50%
Guinea-Bissau
50%
Malaysia
50%
Morocco
50%
Brunei
25%
Democratic Republic of The Congo(DRC)
25%
Equatorial guinea
25%
No matching quizzes found
Score Distribution
Percent of People with Each Score
Percentile by Number Answered
Your Score History
You have not taken this quiz since the last reset